The stolen masterpiece tracker : (Record no. 27074)

000 -LEADER
fixed length control field 01205cam a2200277 a 4500
001 - CONTROL NUMBER
control field 14388133
003 - CONTROL NUMBER IDENTIFIER
control field OSt
005 - DATE AND TIME OF LATEST TRANSACTION
control field 20170207113124.0
008 - FIXED-LENGTH DATA ELEMENTS--GENERAL INFORMATION
fixed length control field 060524s2006 njua 001 0 eng
010 ## - LIBRARY OF CONGRESS CONTROL NUMBER
LC control number 2006047722
020 ## - INTERNATIONAL STANDARD BOOK NUMBER
Canceled/invalid ISBN 159803145 (hardcover : alk. paper)
020 ## - INTERNATIONAL STANDARD BOOK NUMBER
International Standard Book Number 9781569803141
040 ## - CATALOGING SOURCE
Original cataloging agency DLC
Transcribing agency DLC
Modifying agency DLC
050 00 - LIBRARY OF CONGRESS CALL NUMBER
Classification number N8795.5.M47
Item number M47 2006
082 00 - DEWEY DECIMAL CLASSIFICATION NUMBER
Classification number 363.25092
-- B
Edition number 22
100 1# - MAIN ENTRY--PERSONAL NAME
Personal name McShane, Thomas.
245 14 - TITLE STATEMENT
Title The stolen masterpiece tracker :
Remainder of title memoirs of the FBI's leading undercover art sleuth /
Statement of responsibility, etc. Thomas McShane with Dary Matera.
260 ## - PUBLICATION, DISTRIBUTION, ETC. (IMPRINT)
Place of publication, distribution, etc. Fort Lee, NJ :
Name of publisher, distributor, etc. Barricade Books,
Date of publication, distribution, etc. c2006.
300 ## - PHYSICAL DESCRIPTION
Extent xvii, 284 p. :
Other physical details ill. ;
Dimensions 24 cm.
500 ## - GENERAL NOTE
General note Includes indexes.
600 10 - SUBJECT ADDED ENTRY--PERSONAL NAME
Personal name McShane, Thomas.
650 #0 - SUBJECT ADDED ENTRY--TOPICAL TERM
Topical term or geographic name as entry element Art thefts
General subdivision Investigation.
700 1# - ADDED ENTRY--PERSONAL NAME
Personal name Matera, Dary,
Dates associated with a name 1955-
906 ## - LOCAL DATA ELEMENT F, LDF (RLIN)
a 7
b cbc
c orignew
d 1
e ocip
f 20
g y-gencatlg
942 ## - ADDED ENTRY ELEMENTS (KOHA)
Source of classification or shelving scheme
Koha item type Hard Covered Materials
Classification part N 8795.5 .M47M47 2006
Holdings
Withdrawn status Lost status Source of classification or shelving scheme Damaged status Not for loan Home library Current library Shelving location Date acquired Source of acquisition Total Checkouts Full call number Barcode Date last seen Price effective from Koha item type
          MACHAKOS UNIVERSITY LIBRARY MACHAKOS UNIVERSITY LIBRARY Technical section 07/02/2017 Donation (BFA)   N 8795.5 .M47M47 2006 34696 12/07/2018 07/02/2017 Hard Covered Materials
© Machakos University Library, Along The Highway, Machakos Wote Rd, Machakos, Kenya P.O. Box 136 - 90100 Machakos - Kenya

Tel: ( +254 ) 723 805829 OR Fax : 044-20353 OR Email: library@mksu.ac.ke